| 000 | 00000nam 2200000za 4500 |
| 001 | 9.682219 |
| 003 | CaOODSP |
| 005 | 20210615132804 |
| 007 | ta |
| 008 | 150407|2003||||xxc||||| f|0| 0 fre d |
| 020 | |a1-55250-013-6 |
| 040 | |aCaOODSP|bfre |
| 043 | |an-cn--- |
| 086 | 1 |aE97-8/2003F |
| 110 | 1 |aCanada.|bCentre de recherches pour le développement international. |
| 245 | 13|aLa santé : |bune approche écosystémique |
| 260 | |aOttawa - Ontario : |bCentre de recherches pour le développement international |c2003. |
| 300 | |axiv, 84p. : |bill., références ; |c22 cm. |
| 520 | 3 |aL’exploitation de l’environnement génère sa part de désastres écologiques apparents ou sournois mais l’humain n’est pas qu’une victime, il participe aussi à ce déséquilibre de l’environnement. La santé de l’humain est très étroitement liée à la santé de l’écosystème. Adopter l’approche Écosanté, c’est remettre l’humain au centre des préoccupations, reconnaître son influence sur l’environnement et la capacité d’une communauté et de ses dirigeants à gérer et à améliorer le bilan de santé collectif. |
| 563 | |aCouverture souple |
| 590 | |a03-38|b2003-09-19 |
| 691 | 07|aSanté|2gcpds |
| 720 | 1 |aLebel, Jean |
| 775 | 08|tHealth : |w(CaOODSP)9.648981 |
| 776 | 0#|tLa santé |w(CaOODSP)9.807071 |